Dharma : (Record no. 88973)

MARC details
000 -LEADER
fixed length control field 00667nam a22002057a 4500
005 - DATE AND TIME OF LATEST TRANSACTION
control field 20140925171336.0
010 ## - LCCN (DPL NO)
LC control number ENG-110947
020 ## - INTERNATIONAL STANDARD BOOK NUMBER
International Standard Book Number 9780198096252
Terms of availability 1800.00
020 ## - INTERNATIONAL STANDARD BOOK NUMBER
International Standard Book Number 0198096259
Terms of availability 1800.00
035 ## - SYSTEM CONTROL NUMBER
System control number EN-94479
037 ## - SOURCE OF ACQUISITION
Source of stock number/acquisition DBAD/PUB
082 ## - DEWEY DECIMAL CLASSIFICATION NUMBER
Classification number 230
100 ## - MAIN ENTRY--PERSONAL NAME
Personal name Hiltebeitel, Alf
245 ## - TITLE STATEMENT
Title Dharma :
Statement of responsibility, etc by Alf Hiltebeitel
Remainder of title its early history in law, religion and narrative /
260 ## - PUBLICATION, DISTRIBUTION, ETC. (IMPRINT)
Place of publication, distribution, etc New Delhi
Name of publisher, distributor, etc Oxford University Press
Date of publication, distribution, etc 2014
270 ## - ADDRESS
Address YMCA Library Building, 1 Jai Singh
City New Delhi
Postal code 110020
300 ## - PHYSICAL DESCRIPTION
Extent xxi,747p.
Dimensions 24cm(Hb)
500 ## - GENERAL NOTE
General note Includes bibliographical references and index
942 ## - ADDED ENTRY ELEMENTS (KOHA)
Source of classification or shelving scheme Dewey Decimal Classification
Item type English Books
Call number suffix HIL
Classification part 230
Holdings
Withdrawn status Lost status Not for loan Collection code Home library Current library Date acquired Source of acquisition Cost, normal purchase price Full call number Barcode Copy number Cost, replacement price Koha item type
    Not For Loan Non-fiction D.B.Act.Division D.B.Act.Division 25/09/2014 DBAD/PUB 1800.00 230 HIL EN-94479 1 1800.00 English Books

© Delhi Public Library
Hit Counter
free hit counter